ბათუმის შოთა რუსთაველის სახელმწიფო უნივერსიტეტის ბიბლიოთეკა

ქალაქ ბათუმის ჯანმრთელობის კერებისა და საკურორტო ქსელის განვითარების ისტორია : (ბიბ.ჩანაწერი № 61968)

000 -ლიდერი
ფიქსირებული სიგრძის საკონტროლო ველი 01142nam a22002057a 4500
003 - საკონტროლო ნომრის იდენტიფიკატორი
საკონტროლო ველი Ge_BSU
005 - ბოლო ოპერაციის თარიღი და დრო
საკონტროლო ველი 20240617174106.0
008 - ფიქსირებული სიგრძის მონაცემთა ელემენტები - ზოგადი ინფორმაცია
ფიქსირებული სიგრძის საკონტროლო ველი 240617s1997 ge ||||| |||| 00| 0 geo d
041 ## - ენის კოდი
Language code of text/sound track or separate title geo
080 ## - უნივერსალური ათობითი კლასიფიკაციის ინდექსი
Universal Decimal Classification number 614.2(479.223) +615.838(479.223) კ-71
100 ## - მთავარი ჩანაწერი - პიროვნების სახელი
Personal name კომახიძე, თეიმურაზ.
9 (RLIN) 3432
245 ## - ცნობა სათაურის შესახებ
Title ქალაქ ბათუმის ჯანმრთელობის კერებისა და საკურორტო ქსელის განვითარების ისტორია :
Remainder of title წ. 2 /
Statement of responsibility, etc თეიმურაზ კომახიძე; [რედ.: რამაზ სურმანიძე].
264 ## - წარმოების, გამოცემის, დისტრიბუციის და სხვა ცნობები
გამოცემის, წარმოების, დისტრიბუციის... ადგილი ბათუმი :
გამოცემის, წარმოების, დისტრიბუციის... სახელწოდება აჭარა,
გამოცემის, წარმოების, დისტრიბუციის... თარიღი 1997.
300 ## - ფიზიკური აღწერა
Extent 236 გვ.;
Other physical details 20 სმ.
504 ## - BIBLIOGRAPHY, ETC. NOTE
Bibliography, etc ბიბლიოგრაფია: გვ. 234.
653 ## - INDEX TERM--UNCONTROLLED
Uncontrolled term ჯანმრთელობის კერები ბათუმში
653 ## - INDEX TERM--UNCONTROLLED
Uncontrolled term საკურორტო ქსელი ბათუმში
700 ## - ADDED ENTRY--PERSONAL NAME
Personal name სურმანიძე, რამაზ
Relator term რედაქტორი
9 (RLIN) 22460
942 ## - ADDED ENTRY ELEMENTS (KOHA)
Source of classification or shelving scheme
Koha item type წიგნი

არაა ხელმისაწვდომი ეგზემპლარები.